Interesting Numbers in Decimals - Statistics

General Stats
  • This quiz has been taken 53 times
  • The average score is 18 of 42
Answer Stats
Answer % Correct
π 3
100%
π 3.1
97%
π 3.14
94%
π 3.141
89%
π 3.1415
86%
√2 1
74%
π 3.14159
74%
π 3.141592
74%
√2 1.4
71%
√2 1.41
66%
√2 1.414
54%
e 2
54%
e 2.7
51%
e 2.71
49%
1/7 0
43%
e 2.718
43%
1/7 0.1
40%
1/7 0.14
40%
√2 1.4142
40%
1/32 0
37%
Φ 1
37%
Φ 1.6
37%
1/7 0.142
34%
√2 1.41421
34%
1/32 0.0
31%
1/7 0.1428
31%
1/7 0.14285
31%
e 2.7182
31%
e 2.71828
31%
e 2.718281
31%
√2 1.414213
26%
Φ 1.61
26%
Φ 1.618
26%
1/32 0.03
23%
1/7 0.142857
23%
1/32 0.031
17%
1/32 0.0312
14%
1/32 0.03125
14%
1/32 0.031250
14%
Φ 1.6180
14%
Φ 1.61803
14%
Φ 1.618033
11%
No matching quizzes found
Score Distribution
Percent of People with Each Score
Percentile by Number Answered
Your Score History
You have not taken this quiz